Objective indian economy and social developmnt: (Record no. 151732)
[ view plain ]
| 000 -LEADER | |
|---|---|
| fixed length control field | 00686nam a22001817a 4500 |
| 005 - DATE AND TIME OF LATEST TRANSACTION | |
| control field | 20180424140415.0 |
| 010 ## - LCCN (DPL NO) | |
| LC control number | ENG-122657 |
| 020 ## - INTERNATIONAL STANDARD BOOK NUMBER | |
| Terms of availability | 375.00 |
| International Standard Book Number | 9789387572522 |
| 035 ## - SYSTEM CONTROL NUMBER | |
| System control number | EN-106189 |
| 037 ## - SOURCE OF ACQUISITION | |
| Source of stock number/acquisition | DBAD/PUB |
| 082 ## - DEWEY DECIMAL CLASSIFICATION NUMBER | |
| Classification number | 330.954 |
| Edition number | 3rd ed. |
| 100 ## - MAIN ENTRY--PERSONAL NAME | |
| Personal name | Ramesh Singh |
| 245 ## - TITLE STATEMENT | |
| Title | Objective indian economy and social developmnt: |
| Statement of responsibility, etc | by Majid Husain |
| Remainder of title | general studies paper-1 for civil servicespreliminary examinations / |
| 260 ## - PUBLICATION, DISTRIBUTION, ETC. (IMPRINT) | |
| Date of publication, distribution, etc | 2018 |
| Place of publication, distribution, etc | Chennai |
| Name of publisher, distributor, etc | McGraw Hill Education(india)Private Limited |
| 270 ## - ADDRESS | |
| Address | 444/1,Sri Ekambara Naicker Industrial Estate,Alapakkam,Porur, |
| City | Chennai |
| Postal code | 600116 |
| 300 ## - PHYSICAL DESCRIPTION | |
| Dimensions | 23cm(pbk) |
| Extent | various pages |
| 942 ## - ADDED ENTRY ELEMENTS (KOHA) | |
| Item type | English Books |
| Source of classification or shelving scheme | Dewey Decimal Classification |
| Call number suffix | RAM |
| Classification part | 330.954 |
| Withdrawn status | Lost status | Not for loan | Collection code | Home library | Current library | Date acquired | Source of acquisition | Cost, normal purchase price | Full call number | Barcode | Copy number | Cost, replacement price | Koha item type |
|---|---|---|---|---|---|---|---|---|---|---|---|---|---|
| Not For Loan | Non-fiction | D.B.Act.Division | Sarojini Nagar | 24/04/2018 | DBAD/PUB | 375.00 | 330.954 RAM | EN-106189 | 1 | 375.00 | English Books |
